000 00784namaa2200181 i 4500
001 173914
003 ES-MaACL
005 20251015162938.0
008 100128s1847 sp |||| | spa d
040 _aSpMaBN
_bspa
_cPAB
100 1 _aAsquerino, Eusebio,
_d1822-1892
_923643
245 1 0 _aEspañoles sobre todo
_b: segunda parte : drama en tres actos y en verso /
_cpor Eusebio y Eduardo Asquerino.
260 _aMadrid :
_b[s.n.],
_c1847 (
_fImp. de José de Rojas)
300 _a99 p. ;
_c17 cm.
700 1 _aAsquerino, Eduardo,
_d1826-1881
_923642
852 _aES-MaACL
_jF-8628(9)
_z.- Enc. pasta española
_q.- Falto de la cub. original
_z.- Enc. en un vol. facticio formando parte de la col. facticia "Teatro español moderno", vol. 82
999 _c173914
_d173914